Métodos estadísticos aplicados a las ciencias sociales
Guardat en:
| Autors principals: | , |
|---|---|
| Format: | Llibre |
| Idioma: | espanyol |
| Publicat: |
Ciudad de México
Prentice-Hall Hispanoamericana
1986
|
| Matèries: | |
| Etiquetes: |
Afegir etiqueta
Sense etiquetes, Sigues el primer a etiquetar aquest registre!
|
MARC
| LEADER | 00000cam a2200000 a 4500 | ||
|---|---|---|---|
| 001 | UCX9578 | ||
| 003 | CL-VaPUC | ||
| 008 | 940614e19860000MX |||||||||||||||||spa|d | ||
| 082 | 0 | 4 | |a 300.72 |b GLA |2 21 |
| 100 | |a Glass, Gene V |e author |9 409663 | ||
| 700 | 0 | |a Stanley, Julian C |e author |9 327006 | |
| 245 | 1 | 0 | |a Métodos estadísticos aplicados a las ciencias sociales |
| 300 | |a 597 p | ||
| 942 | |c BK | ||
| 945 | |d 19940614 00:00:00 |a rbrito | ||
| 260 | |a Ciudad de México |b Prentice-Hall Hispanoamericana |c 1986 | ||
| 650 | 0 | |a Estadística aplicada |9 270522 | |
| 650 | 0 | |a Ciencias sociales |9 256351 | |
| 650 | 0 | |a Métodos estadísticos |9 259407 | |
| 650 | 7 | |a ESTADISTICA EDUCATIVA |2 CL-VaPUC |9 307023 | |
| 583 | |a last modification |c 20190110 03:10:00 |k Rodrigo Vera | ||
| 999 | |c 228774 |d 228772 | ||
| 952 | |0 0 |1 0 |4 0 |6 300_720000000000000_GLA_1986 |7 0 |8 P |9 229184 |a BIBEDU |b BIBEDU |c BIBEDU_PB |d 2019-11-15 |i 2981076 |o 300.72 GLA 1986 |p 2981076 |r 2024-01-25 |w 2019-11-15 |y BK |k EDU | ||